Applicability in Hong Kong of London's experiences on urban redevelopment practices (Record no. 80182)
[ view plain ]
| 000 -LEADER | |
|---|---|
| fixed length control field | 01288cab a22002295a 4500 |
| 001 - CONTROL NUMBER | |
| control field | L143446 |
| 008 - FIXED-LENGTH DATA ELEMENTS--GENERAL INFORMATION | |
| fixed length control field | 080509s2008 xxk f 000 0 eng d |
| 035 ## - SYSTEM CONTROL NUMBER | |
| System control number | (Sirsi) u143446 |
| 041 0# - LANGUAGE CODE | |
| Language code of text/sound track or separate title | eng |
| 100 1# - MAIN ENTRY--PERSONAL NAME | |
| Personal name | Chan, Edwin H.W. |
| 245 00 - TITLE STATEMENT | |
| Title | Applicability in Hong Kong of London's experiences on urban redevelopment practices |
| 260 ## - PUBLICATION, DISTRIBUTION, ETC. | |
| Date of publication, distribution, etc. | 2008 |
| 490 ## - SERIES STATEMENT | |
| Series statement | Property Management |
| Volume/sequential designation | 26(2) 2008, 125-137(13) |
| 520 ## - SUMMARY, ETC. | |
| Summary, etc. | Examines reviews of urban renewal practices in Hong Kong and London. Aims to compare the perceptions of the design professions. Considers the extent to which lessons learned in the London market can be applied to Hong Kong. Looks at various design considerations used when drawing up urban renewal strategies. Finds a number of considerations which could contribute towards economic, environmental and social sustainability. However distinctive features of cities do have an impact on the perception of design professionals. Some research is based upon a questionnaire sent to professionals in both countries. |
| 590 ## - LOCAL NOTE (RLIN) | |
| Local note | KA |
| 651 #4 - SUBJECT ADDED ENTRY--GEOGRAPHIC NAME | |
| Geographic name | Hong Kong |
| 651 #4 - SUBJECT ADDED ENTRY--GEOGRAPHIC NAME | |
| Geographic name | London |
| 690 ## - LOCAL SUBJECT ADDED ENTRY--TOPICAL TERM (OCLC, RLIN) | |
| Topical term or geographic name as entry element | ENVIRONMENTAL AND LAND CONSULTANCY-SUSTAINABILITY-SUSTAINABLE DEVELOPMENT |
| 690 ## - LOCAL SUBJECT ADDED ENTRY--TOPICAL TERM (OCLC, RLIN) | |
| Topical term or geographic name as entry element | PROPERTY-PROPERTY MANAGEMENT-REGENERATION |
| 700 1# - ADDED ENTRY--PERSONAL NAME | |
| Personal name | Lee, Grace K. L. |
| 942 ## - ADDED ENTRY ELEMENTS (KOHA) | |
| Suppress in OPAC | 0 |
| Withdrawn status | Lost status | Source of classification or shelving scheme | Damaged status | Not for loan | Home library | Current library | Shelving location | Date acquired | Total Checkouts | Full call number | Barcode | Date last seen | Copy number | Price effective from | Koha item type |
|---|---|---|---|---|---|---|---|---|---|---|---|---|---|---|---|
| Dewey Decimal Classification | London | London | Journal article | 09/05/2008 | L143446 | 143446-2001 | 06/08/2019 | 1 | 06/08/2019 | Journal article |